Vývoj sítě veřejného stravování v ČSSR v sedmé pětiletce

Saved in:
Bibliographic Details
Main Author: Rečková, Ivana
Format: Book
Language:Czech
Published: Praha Výzkumný ústav obchodu 1986
Series:Knižnice VÚO 207
Tags: Add Tag
No Tags, Be the first to tag this record!

MARC

LEADER 00000nam a2200000 4500
001 c026347
005 20251110135935.4
041 0 |a cze 
044 |a CZ 
245 1 0 |a Vývoj sítě veřejného stravování v ČSSR v sedmé pětiletce  |c Ivana Rečková 
264 1 |a Praha  |b Výzkumný ústav obchodu  |c 1986 
300 |a 28 s. 
490 1 |a Knižnice VÚO  |v 207 
830 0 |a Knižnice VÚO  |v 207 
100 1 |a Rečková, Ivana